000 00531nam a2200181Ia 4500
005 20250508162932.0
008 008 250505s9999 xx 000 0 eng d
037 _aTextual
040 _aFEDL
_beng
_cFEDL
041 _aeng
_2eng
084 _a371.97, ROY
_qFEDL
100 _aBurman B K Roy
245 0 _aBeyond mandal and after : Backward classes in perspective
260 _aNew Delhi, India
_bMittal Publications
_c1992
300 _axii,180p.
942 _cTEXL
_h371.97, ROY
999 _c1379524
_d1379524